01746nam a2200325 a 450000100100000000500170001000800410002702000150006804000250008308200180010810000310012624500850015726000450024230000280028750504510031559000250076665000180079165000200080965000160082965000250084565000230087065000420089365000310093570000430096691000300100995201150103995201210115495201300127599900150140500000372420260212122153.0090713s2004 dr a 000 0 spa d z9993432015 aDO-SdBNPbspacBNPHU a306.85bL318f1 aLara, Evelyn Soraya91133710aFamilia, crisis y cambio /cEvelyn Soraya Lara ; prólogo Zelided Alma de Ruiz. aSanto Domingo :bLetra Gráfica,c2004. a108 p. :bil. ;c21 cm.0 aLa pareja ideal -- La relación de pareja 20 Matrimonio por compromiso -- Amar o morir : la vida de pareja -- Hasta que la inteligencia nos separe -- La no comunicación en la pareja -- Violencia marital -- ¿Juntos hasta cuándo? -- Familia, crisis y cambio -- Identidad alcohólica -- Cuidar su si mismo -- La niña que no quiso crecer -- El dar espontáneo -- Madres solteras -- Cuando las madres trabajan -- La autoestima del bisturí. aInventariado,2018/DG 0aFamilias9795 0aMatrimonio9797 4aHogar92126 4aVida familiar911338 0aSociología91061 4aEducacion para la vida familiar92729 0aRelaciones familiares980112aRuiz, Zelided Alma de,epról.911339 aJornada de catalogación 0010718PDaPDbPDcHDd2009-07-13iLF1l0o306.85 L318fp3724-10r2020-06-25w2020-06-25yLFPDZNo se presta 0010718PDaPDbPDcHDd2009-07-13iLF1l0o306.85 L318fp3724-20r2020-06-25te. 2w2020-06-25yLFPDZNo se presta 001054708DSaPDbPDcHDd2014-02-11iLF1l0o306.85 L318fp3724-30r2020-06-25te. 3w2020-06-25yLFDSZPréstamo en sala c3546d3546